| 000 | 00622 a2200229 4500 | ||
|---|---|---|---|
| 001 | 200046110 | ||
| 999 |
_c200046110 _d32716 |
||
| 003 | TR-AnTOB | ||
| 005 | 20231128115922.0 | ||
| 008 | 130212s1981 tu 000 0 | ||
| 040 | _aTR-AnTOB | ||
| 041 | _aeng | ||
| 050 | 0 |
_aKK4444.26.A7 _bT34 1981 |
|
| 090 | _aKK4444.26.A7 T34 1981 | ||
| 245 | 1 | 4 | _aThe Basic law of the Federal Republic of Germany |
| 264 | 1 |
_aBonn: _bFederal Republic of Germany, _c1981 |
|
| 300 |
_a162 p.; _c18 cm |
||
| 504 | _aIncludes index. | ||
| 650 | 0 |
_aConstitutions _zGermany _985920 |
|
| 650 | 7 |
_aAnayasalar _zAlmanya _2etuturkob _985921 |
|
| 942 | _cBK | ||